Soil erosion.

Bibliographic Details
Corporate Author: United States. Bureau of Soils
Format: Government Document eBook
Language:English
Published: [Washington] : GPO, 1911.
Series:Soils Bur. Bull. No. 71
Subjects:
Online Access:Connect to the full text of this electronic document

MARC

Tag First Indicator Second Indicator Subfields
LEADER 00000cam a22000001a 4500
001 in00003782621
005 20190408184740.0
006 m o d f
007 cr bn mmmapmmp
008 141211s1911 dcu o f000 0 eng d
035 |a ebd1910511210 
040 |a UMI  |c UMI  |d UtOrBLW 
086 0 |a A 26.3:71 
099 |a A26.3-71 
110 1 |a United States.  |b Bureau of Soils.  |0 http://id.loc.gov/authorities/names/n80145308 
245 1 0 |a Soil erosion. 
264 1 |a [Washington] :  |b GPO,  |c 1911. 
300 |a 1 online resource (60+illus. pages) 
336 |a text  |b txt  |2 rdacontent 
337 |a computer  |b c  |2 rdamedia 
338 |a online resource  |b cr  |2 rdacarrier 
490 0 |a Soils Bur. Bull. No. 71 
533 |a Electronic reproduction.  |b [Bethesda, Md.] :  |c ProQuest,  |d 2014.  |e digital, PDF file.  |n ProQuest U.S. Executive Branch Documents  |n Mode of access: World Wide Web via ProQuest website. 
588 |a Record is based on online resource; title from PDF title page (ProQuest, last viewed Dec. 2014). Reuse except for individual research requires license from ProQuest, LLC. 
500 |a Electronic resource. 
650 0 |a Grain.  |0 http://id.loc.gov/authorities/names/no92024769 
650 0 |a Plants.  |0 http://id.loc.gov/authorities/subjects/sh85102839 
650 0 |a Soil conservation.  |0 http://id.loc.gov/authorities/subjects/sh85124329 
650 0 |a Water-supply.  |0 http://id.loc.gov/authorities/subjects/sh85145648 
655 7 |a Electronic books.  |2 local 
856 4 0 |u http://proxy.library.tamu.edu/login?url=http://congressional.proquest.com/congressional/docview/t66.d71.a26.3-71  |z Connect to the full text of this electronic document  |t 0 
999 f f |s 5769a4df-b561-3e99-b104-9913055bc47e  |i 8b3dce14-62b8-3e55-a3c8-3bf72a230dfc  |t 0 
952 f f |a Texas A&M University  |b College Station  |c Electronic Resources  |d Available Online  |t 0  |h No information provided 
998 f f |t 0  |l Available Online